| 000 | 00628cab a2200217 4500 | ||
|---|---|---|---|
| 001 | WB3228-09 | ||
| 008 | 090401t1996 xxu||||| |||| 00| 0 eng d | ||
| 035 | _a(Sirsi) u56352 | ||
| 041 | _aeng | ||
| 245 | _aCity`s improving tone | ||
| 260 | _c1996 | ||
| 350 | _a0 | ||
| 490 |
_aFinancial Times _v19 July 1996, 12(1) |
||
| 520 | _aExamines the trend in a new generation of speculative developments in London, 1 Poultry is used as an example. | ||
| 650 | _aONE POULTRY | ||
| 650 | _aCITY OF LONDON | ||
| 650 | _aSPECULATIVE DEVELOPMENTS | ||
| 690 | _aPROPERTY-COMMERCIAL PROPERTY | ||
| 942 | _n0 | ||
| 948 | _c04/03/1997 | ||
| 999 |
_c34365 _d34365 |
||